000 00727nam a22002417a 4500
003 UA-OsUOA
001 46293
007 ta
008 20070613b un ||||| |||| 00| 0 ukr d
100 _aБацевич Ф. С.
090 _a81'33(075.8)
_bБ31
942 _cBK
040 _aUA-OsUOA
_bukr
_cUA-OsUOA
_dUA-OsUOA
245 _aОснови комунікативної лінгвістики
_bпідручник
300 _a344 с.
955 _a2
041 _aukr
080 _a81'33(075.8)
020 _a966-580-172-4
260 _aК.
_bАкадемія
_c2004
650 7 _a8 Мовознавство. Художня література. Літературознавство
_2UDC
999 _c332382
_d332382